000 00668nam a2200265Ia 4500
005 20260121171459.0
008 008 260114s9999 xx 000 0 eng d
020 _a9783030232849
037 _aEBOOK
040 _aCRL
040 _beng
040 _cCRL
041 _2eng
041 _aeng
084 _qCRL
100 _aAlberto Facchini
_91076751
245 0 _aSemilocal Categories and Modules with Semilocal Endomorphism Rings
260 _bSpringer
260 _bSpringer
260 _c2019
856 _uhttps://link.springer.com/openurl?genre=book&isbn=978-3-030-23284-9
942 _cEBOOK
999 _c1642481
_d1642481